| 000 | 00420pab a2200169 454500 | ||
|---|---|---|---|
| 008 | 180718b1998 xxu||||| |||| 00| 0 eng d | ||
| 100 | _aShah, Rajesh V. | ||
| 245 | _aAn agenda for India | ||
| 260 | _c1998 | ||
| 300 | _ap.8 | ||
| 362 | _a15 Aug | ||
| 650 | _aEconomic and social development - India | ||
| 650 | _aIndia - Economic policy | ||
| 650 | _aEconomic policy | ||
| 773 | _aEconomic Times | ||
| 909 | _a39441 | ||
| 999 |
_c39441 _d39441 |
||